000 00334nam a2200109Ia 4500
008 171211s9999 xx 000 0 und d
245 _aDiagoras of Melos: A Contribution to the History of Ancient Atheism
245 _cMarek Winiarczyk
260 _c2016
650 _xBiography
856 _uhttp://down.ebook777.com/061/3110443775.pdf
999 _c349929
_d349929